Adaptation and fitness in animal populations : (Record no. 18772)

000 -LEADER
fixed length control field 00773cam a22002297a 4500
020 ## - INTERNATIONAL STANDARD BOOK NUMBER
ISBN 9781402090042 (cased : alk. paper)
020 ## - INTERNATIONAL STANDARD BOOK NUMBER
ISBN 1402090048 (cased : alk. paper)
020 ## - INTERNATIONAL STANDARD BOOK NUMBER
ISBN 9781402090059 (eISBN)
040 ## - CATALOGING SOURCE
Transcribing agency UKM
082 04 - DEWEY DECIMAL CLASSIFICATION NUMBER
Classification number 591 SPI 2009 C152 Or.
245 00 - TITLE STATEMENT
Title Adaptation and fitness in animal populations :
Remainder of title evolutionary and breeding perspectives on genetic resource management /
260 ## - PUBLICATION, DISTRIBUTION, ETC. (IMPRINT)
Place of publication [Dordrecht, the Netherlands] :
Name of publisher Springer,
Year of publication c2009.
300 ## - PHYSICAL DESCRIPTION
Number of Pages xii, 258 p. :
Other physical details ill. ;
Dimensions 25 cm.
650 #0 - SUBJECT ADDED ENTRY--TOPICAL TERM
Topical Term Animal genetics.
650 #0 - SUBJECT ADDED ENTRY--TOPICAL TERM
Topical Term Animals
650 #0 - SUBJECT ADDED ENTRY--TOPICAL TERM
Topical Term Evolutionary genetics.
650 #0 - SUBJECT ADDED ENTRY--TOPICAL TERM
Topical Term Animal genetic engineering.
650 #0 - SUBJECT ADDED ENTRY--TOPICAL TERM
Topical Term Animal breeding.
650 #0 - SUBJECT ADDED ENTRY--TOPICAL TERM
Topical Term Animal mutation breeding.
700 1# - ADDED ENTRY--PERSONAL NAME
Personal name Werf, Julius van der.
942 ## - ADDED ENTRY ELEMENTS (KOHA)
Koha item type ADB
952 ## - LOCATION AND ITEM INFORMATION (KOHA)
Withdrawn status [LOCAL, KOHA] 0
Holdings
Koha item type Source of acquisition Lost status Permanent Location Current Location Date acquired Full call number
សៀវភៅភាសាអង់គ្លេសA34670 Library Block CLibrary Block C2020-01-22591 SPI 2009 C152 Or.
មជ្ឈមណ្ឌលឯការនៃសាកលវិទ្យាល័យភូមិន្ទកសិកម្មចំការដូង

Powered by Koha